Регионална библиотека "Любен Каравелов" - Русе

Любомир Милетич (Запис номер 426242)

MARC детайли
000 -Лидер
Контролно поле с фиксирана дължина 01704nam a2200337 a 4500
003 - Код на организацията, давaща контролен номер
Контролно поле BLK
005 - Дата и час на последна редакция
Контролно поле 20240606103039.0
008 - Елементи от данни с фиксирана дължина
fixed length control field 210731b bu |||||r|||| 00| | bu d
020 ## - Международен стандартен номер на книга ISBN
Международен стандартен номер на книга ISBN 9789540914466
040 ## - Източник на каталожния запис
Идентификатор на билиотеката - собственик на записа BLK
041 ## - Код за език
Код за езика на текст/звукозапис или на отделно заглавие Български
Код за езика КДБФ Български
080 ## - УДК
Текстов определител УДК Общи въпроси на езикознанието и литературата. Филология
УДК код - определител по УДК 80
УДК определител (497.2)(092)
УДК - код + определител 80(497.2)(092)
080 ## - УДК
Текстов определител УДК Български езиковед и деалектолог
УДК код - определител по УДК 929 Милетич, Любомир Георгиев
УДК - код + определител 929 Милетич, Любомир Георгиев
100 ## - Редна дума - Автор
Автор Райчевски, Стоян Чилов
Дати, свързани с автора 1944 -
Автор - информация (биография) Филолог, немска и българска филология. Историк.
R(LIN) 246266
139 ## - Редно поле
Редна дума Райчевски, Стоян Чилов
Авторски знак Милет - М 58
245 ## - Сведения за заглавието
Заглавие Любомир Милетич
Редно поле (дума) Стоян Райчевски.
260 ## - Област на издателските данни
Място на издаване, разпространение и проч. София
Име на издателя, разпространителя и проч. Захарий Стоянов
Година на издаване 2020
9 (RLIN) 209473
Печатница (Силистра : Ковачев прес)
Издателство - префикс ISBN 978-954-739- ; 978-954-09- ; 954-9559-
300 ## - Физическа характеристика
Страници 384 с. : с ил., портр., факс.
Размери/Мащаб 21 см
380 ## - Жанр
Жанр Езикознание. Филология
490 ## - СЕРИИ (Колекции)
9 (RLIN) 208452
Име на серия Поредица Дълг и чест
504 ## - Забележка за наличие на библиография и др
Забележка за наличие на библиография и под. Библиогр.: с. 373-379
600 #0 - Име на лице, използвано като предмет
За него / За нея Милетич, Любомир Георгиев
Свързани дати 1863-1937
9 (RLIN) 364757
650 #0 - Допълнително описание по предмет – тема
9 (RLIN) 241868
Основно описание – тема или топоним Езиковеди, български
650 #7 - Допълнително описание по предмет – тема
9 (RLIN) 153363
Основно описание – тема или топоним Диалектология, българска
653 #7 - Ключова дума – ненормативна
9 (RLIN) 182680
Ключова дума български езиковеди
653 #7 - Ключова дума – ненормативна
9 (RLIN) 181990
Ключова дума биографии
852 ## - Местоположение
Фондова буква Заемна - подръчен фонд
Систематично-азбучна сигнатура 80/М 58 Л
942 ## - АРТИКУЛИ
Вид на библиотечния материал Книги
Скрит в OPAC Не
Периодичен библиозапис Да
Koha issues (borrowed), all copies 2
944 ## - СЪЗДАВАНЕ И РЕДАКЦИЯ на ЗАПИСА
Създаване/Редакция Създаване
Дата на регистрацията/редакция 2021-07-31
Служител, извършил регистрацията/редакцията 30560
Статус, дата на статуса Геновева Генчева
999 ## - СИСТЕМНИ КОНТРОЛНИ НОМЕРА
Koha biblionumber 426242
Koha biblioitemnumber 426242
999 ## - СИСТЕМНИ КОНТРОЛНИ НОМЕРА
Koha biblioitemnumber 426242
Наличности
Код за отписване Код за изгубен артикул Източник на класификационната схема Код за повреда Коз за рестрикции Код за отдаване Артикулен № Име на библиотеката - собственик Име на библиотеката, в която се намира в момента Статус (Текущо местоположение) Дата на вписване в системата Местоположение - отдел Цена в лева Систематично азбучна сигнатура Баркод Цена в евро Служебен тип на артикула Инвентарен номер
  Не е изгубен Universal Decimal Classification Не е повреден без рестрикции заемане за дома 846384 Регионална библиотека "Любен Каравелов" Русе Регионална библиотека "Любен Каравелов" Русе Заемна - подръчен фонд 2021-08-03 Заемна - подръчен фонд 20.00 80/М 58 Л 120000859337 10.23 Книги  
  Не е изгубен Universal Decimal Classification Не е повреден само за читалня ползва се в читалня 857143 Регионална библиотека "Любен Каравелов" Русе Регионална библиотека "Любен Каравелов" Русе Хранилище 2021-10-12 Хранилище 20.00 Цб 309215 120000860418 10.23 Книги  
  Не е изгубен Universal Decimal Classification Не е повреден   заемане за дома 942149 Регионална библиотека "Любен Каравелов" Русе Регионална библиотека "Любен Каравелов" Русе Заемна - подръчен фонд 2024-04-08 Заемна - подръчен фонд 14.00 80/М 58 Л 120000901177 7.16 Книги 120000901177
Vip Innovations Ltd, Rousse, Bulgaria 2025